01492nam a22003017a 4500003000400000005001700004008004100021040002200062082001800084100002500102245003000127260006000157300002100217366000800238490002700246505007900273505001100352505043800363505001200801650005500813650004700868650004800915650004300963650004501006650005601051650004701107700003601154OSt20230621091240.0221006b |||||||| |||| 00| 0 eng d cBiblioteca Lado V a709.05bG851a aGriffin, Timeeditor aArtforum/bInternacional/ aNew Yorkc1994bNew York editorial and business offices c26.5x27cma120p. espa aMarzov1994x0864-1315 tCOLUMNSaAll Around Esthetes Music Weather Report Real life Rock Books tLETTER tFEATURESgFlesh for Phantasy: Lucian Freud: Fresh Freud Frayed Fraud Vital Signs: Gillian Wearing's Talking Pictures Gore Girl! Siva's in the House: Izhar Patkin's Dance-Floor Deity Wiretap: A Walk through the Whitney, or what we really Say when we talk about Art Jasper Johs: In Memory of my feelings Cream of wheat Paste: Cost and Revs Hauting Grounds: Joel Sternfeld's Crime Sights tREVIEWS 2Tesauro de Arte & ArquitecturaaARTE COMTEMPORANEO 2Tesauro de Arte & ArquitecturaaFOTOGRAFIA 2Tesauro de Arte & ArquitecturaaARTE VISUAL 2Tesauro de Arte & ArquitecturaaLIBROS 2Tesauro de Arte & ArquitecturaaNOTICIAS 2 Tesauro de Arte & ArquitecturaaARTE INTERNACIONAL 2 Tesauro de Arte & ArquitecturaaESCULTURA aNavarreta, Jose Antonioeeditor